Impossible minds : my neurons & my consciousness /

Enregistré dans:
Détails bibliographiques
Auteur principal: Aleksander, Igor
Format: Livre
Langue:Vietnamese
Publié: IM 1996
Tags: Ajouter un tag
Pas de tags, Soyez le premier à ajouter un tag!
Thư viện lưu trữ: Mạng thư viện Đại học Đà Nẵng
LEADER 00623nam a2200265 4500
001 000026980
003 AL-I
005 20150403120000.0
008 150403s vm 000 vie
020 |c 0,0000 
040 |a notts 
100 |a Aleksander, Igor 
245 |a Impossible minds : my neurons & my consciousness /  |c Igor Aleksander. 
260 |b IM  |c 1996 
OWN |a LTT 
999 |a From the UDN01 
TYP |a Monograph 
TYP |a Printed language 
980 |a Mạng thư viện Đại học Đà Nẵng